000 01087nam a2200277 a 4500
999 _c20379
_d20379
005 20190121093629.0
008 100113s2009 sp gr 00010 spa d
020 _a9788498881035
040 _aCO-BoBLA
_cCO-BoBLA
041 1 _aspa
044 _asp
082 0 4 _a320.1
_bC26d
100 _aCarden Fred
_eautor
245 1 0 _aDel conocimiento a la poítica :
_bmáximo aprovechamiento de la investigación para el desarrollo /
_cFred Carden ; prefacio de Carol H. Weiss ; traducción del inglés Joan Soler Chic.
260 3 _aBarcelona :
_bIcaria,
_c2009.
300 _a373 páginas ;
_c23 cm.
504 _aIncluye bibliografías e indice.
534 _pTítulo original :
_tKnowledge to policy: making the most of development research.
650 _aPlanificación política
_x Evaluación.
650 _aDesarrollo económico
_x Evaluació.
650 6 _aPolítica pública
_x Evaluación.
700 1 _aWeiss, Carol H.
700 1 _aSoler Chic, Joan,
_etr.
942 _2ddc
_cLIBRO
949 _an
_bn